¡¡Sin nombre!!! / (Record no. 172958)

MARC details
000 -LEADER
campo de control de longitud fija 00686nam a22001935i 4500
001 - NÚMERO DE CONTROL
campo de control 172958
003 - IDENTIFICADOR DE NÚMERO DE CONTROL
campo de control ES-MaACL
005 - FECHA Y HORA DE LA ÚLTIMA TRANSACCIÓN
campo de control 20250921063038.0
008 - DATOS DE LONGITUD FIJA--INFORMACIÓN GENERAL
campo de control de longitud fija 090921s1865 sp |||| | spa d
080 ## - NÚMERO DE LA CLASIFICACIÓN DECIMAL UNIVERSAL
Número de la Clasificación Decimal Universal 821.134.2-92"18"
100 1# - ENTRADA PRINCIPAL--NOMBRE DE PERSONA
Nombre de persona Silvela, Manuel,
Fechas asociadas al nombre 1830-1892
9 (RLIN) 141412
245 13 - MENCIÓN DEL TÍTULO
Título ¡¡Sin nombre!!! /
Mención de responsabilidad, etc. por Velisla.
250 ## - MENCION DE EDICION
Mención de edición Nueva edición que contiene varios escritos no coleccionados hasta ahora.
260 ## - PUBLICACIÓN, DISTRIBUCIÓN, ETC.
Lugar de publicación, distribución, etc. Madrid :
Nombre del editor, distribuidor, etc. [s.n.],
Fecha de publicación, distribución, etc. 1865 (
Fabricante Imp. de la Correspondencia de España)
300 ## - DESCRIPCIÓN FÍSICA
Extensión 360 p. ;
Dimensiones 18 cm.
594 ## - Nota al título y mención de responsabilidad
Nota al título y mención de responsabilidad Precede al tít.: Biblioteca de la Correspondencia de España.
852 ## - LOCALIZACIÓN
Ubicación ES-MaACL
Número de control de estantería C-3519
itemnumber R.145207
Holdings
Estatus retirado Estado de pérdida Estado de daño No para préstamo Colección Biblioteca de origen Biblioteca actual Ubicación en estantería Fecha de adquisición Fuente de adquisición Total de préstamos Signatura topográfica completa Código de barras Visto por última vez Precio de reemplazo Tipo de ítem Koha
        Libros del s. XIX Biblioteca del Ateneo de Madrid Biblioteca del Ateneo de Madrid Sala Palomar 21/09/2009     C-3519 1181486 23/02/2023 23/02/2023 Libro impreso antiguo